Csak szabadságot?
Elmentve itt :
| Szerző: | |
|---|---|
| Dokumentumtípus: | Cikk |
| Megjelent: |
1974-08-13
|
| Sorozat: | Délmagyarország
64 No. 188 |
| Kulcsszavak: | Pálfi Lajos, Szabadtéri Játékok |
| Online Access: | http://dmarchiv.bibl.u-szeged.hu/98266 |
| LEADER | 00467nab a2200157 i 4500 | ||
|---|---|---|---|
| 001 | delm98266 | ||
| 005 | 20190412102422.0 | ||
| 008 | 190412s1974 hu o 0|| hun d | ||
| 040 | |a SZTE Délmagyarország Archívum |b hun | ||
| 041 | |a hun | ||
| 100 | 1 | |a Nikolényi István | |
| 245 | 1 | 0 | |a Csak szabadságot? |h [elektronikus dokumentum] / |c Nikolényi István |
| 260 | |c 1974-08-13 | ||
| 300 | |a 3 | ||
| 490 | 0 | |a Délmagyarország |v 64 No. 188 | |
| 695 | |a Pálfi Lajos, Szabadtéri Játékok | ||